Sobre el esquema de la Comunidad Económica y Social Centroamericana
Gorde:
| Formatua: | Texto |
|---|---|
| Etiketak: |
Etiketa erantsi
Etiketarik gabe, Izan zaitez lehena erregistro honi etiketa jartzen!
|
MARC
| LEADER | 00000 a a2200000 04500 | ||
|---|---|---|---|
| 001 | 16089 | ||
| 003 | |||
| 040 | |||
| 245 | |a Sobre el esquema de la Comunidad Económica y Social Centroamericana | ||
| 773 | |g número 10; páginas 21-23 | ||
| 999 | |c 31822 |d 31822 | ||
